Decision-problem structuring in management information systems by novices /
محفوظ في:
| المؤلف الرئيسي: | |
|---|---|
| التنسيق: | أطروحة كتاب |
| اللغة: | English |
| منشور في: |
2011
|
| الموضوعات: | |
| الوسوم: |
إضافة وسم
لا توجد وسوم, كن أول من يضع وسما على هذه التسجيلة!
|
| LEADER | 01035cam a2200265 4500 | ||
|---|---|---|---|
| 001 | u1027377 | ||
| 003 | SIRSI | ||
| 005 | 201601291515 | ||
| 008 | 160129s2011 my a m 000 0 eng | ||
| 040 | |a UMD |e rda | ||
| 090 | |a LB7 |b UMP 2011 Che | ||
| 100 | 1 | |a Cheong, Lee Mei., |e author. | |
| 245 | 1 | 0 | |a Decision-problem structuring in management information systems by novices / |c Cheong Lee Mei. |
| 264 | 1 | |c 2011 | |
| 264 | 4 | |c 2011 | |
| 300 | |a xv, 232 leaves : |b illustrations ; |c 30 cm | ||
| 336 | |a text |2 rdacontent | ||
| 337 | |a unmediated |2 rdamedia | ||
| 338 | |a volume |2 rdacarrier | ||
| 502 | |b Ph.D. |c Jabatan Pendidikan Matematik dan Sains, Fakulti Pendidikan, Universiti Malaya |d 2011. | ||
| 504 | |a Bibliography: leaves 198-207 | ||
| 650 | 0 | |a Management information systems |x Study and teaching. | |
| 710 | 2 | |a Universiti Malaya. |b Jabatan Pendidikan Matematik dan Sains, |e degree granting institution. | |
| 596 | |a 8 | ||
| 999 | |a LB7 UMP 2011 CHE |w LC |c 1 |i A516804335 |d 24/4/2018 |f 24/4/2018 |g 1 |l STACKS |m P08PENDIDI |r Y |s Y |t TESIS |u 24/4/2018 |1 AHSS | ||
